A handbook of the Anglo-Egyptian Sudan /

محفوظ في:

مؤلف مشترك: Great Britain. Naval Intelligence Division.

التنسيق: كتاب

اللغة: English

منشور في: London : H.M.S.O., 1922.

سلاسل: Admiralty : I.D. ; 1218.

الموضوعات:

الوسوم: إضافة وسم

لا توجد وسوم, كن أول من يضع وسما على هذه التسجيلة!

رقم الطلب: DT154.69 .G763 1922

LEADER 00775namaa2200253 4500
001 24616
003 OSt
005 20250805101634.0
008 130303s1922 enkb 000 0 eng d
040 |c ARCE Library 
043 |a f-sj--- 
050 4 |a DT154.69 .G763 1922 
110 1 |a Great Britain.  |b Naval Intelligence Division. 
245 1 2 |a A handbook of the Anglo-Egyptian Sudan /   |c by Great Britain. Naval Intelligence Division. 
264 1 |a London :   |b H.M.S.O.,   |c 1922. 
300 |a 776 pages :   |b folded color maps ;   |c 24 cm. 
490 1 |a Admiralty : I.D. ;   |v 1218. 
500 |a At head of title : I.D. 1218. 
500 |a Map in pocket. 
651 0 |a Sudan  |x History. 
830 0 |a Admiralty : I.D. ;   |v 1218. 
901 |a reviewed 
942 |c BK  |2 lcc 
999 |c 22988  |d 22988